Fictional Snakes and Legendary Serpents - Statistics

General Stats
  • This quiz has been taken 323 times
    119 since last reset
  • The average score is 6 of 13
Answer Stats
Hint Snake % Correct
Serpentine monster with many heads Hydra
89%
Medusa was one of these creatures Gorgon
86%
Serpentine monster that can kill with a glance Basilisk
79%
Harry Potter: Voldemort's snake Nagini
67%
The Jungle Book: huge, ancient snake Kaa
49%
It eats its own tail Ouroboros
46%
Serpentine monster with wings (2-footed dragon) Wyvern
41%
Snake at the center of the Earth in Greek myths (also a type of snake) Python
39%
Kung-Fu Panda's Furious 5 (also a type of snake) Master {Viper}
34%
Thor's enemy, with the power to unleash Ragnarok Jormungandr
31%
From Disney's Robin Hood Sir {Hiss}
30%
Animals of Farthing Wood (also a type of snake) Adder
16%
Sesame Street muppet shaped like an S {Sammy} the Snake
10%
No matching quizzes found
Score Distribution
Percent of People with Each Score
Percentile by Number Answered
Your Score History
You have not taken this quiz since the last reset